Integrátor

Švédsky podnikateľ Percy Barnevik a jeho filozofia úspešného podnikania. Integrácia švédskej strojárenskej spoločnosti ASEA s konkurenčnou švajčiarskou firmou. Dôležitý faktor expanzie nového podniku - komunikácia zdola nahor a zhora nadol. Decentralizácia dcérskych spoločností a ich premena na nez...

Descrizione completa

Salvato in:
Dettagli Bibliografici
Autore principale: Brož, Ivan
Natura: Capitolo di libro
Lingua:ceco
Soggetti:
Tags: Aggiungi Tag
Nessun Tag, puoi essere il primo ad aggiungerne!!

MARC

LEADER 00000naa$a2200000$$$4500
001 0021419
005 20231018124103.6
041 0 |a cze 
044 |a CZ 
245 1 0 |a Integrátor  |c Ivan Brož 
520 |a Švédsky podnikateľ Percy Barnevik a jeho filozofia úspešného podnikania. Integrácia švédskej strojárenskej spoločnosti ASEA s konkurenčnou švajčiarskou firmou. Dôležitý faktor expanzie nového podniku - komunikácia zdola nahor a zhora nadol. Decentralizácia dcérskych spoločností a ich premena na nezávislé ziskové strediská. Expanzia spoločnosti v rôznych častiach sveta. 
610 2 0 |a riadenie podnikové 
610 2 0 |a stratégia podniková 
610 2 0 |a manažment 
610 2 0 |a manažéri 
610 2 0 |a firmy 
610 2 0 |a konkurencia trhová 
610 2 0 |a Švédsko 
610 2 0 |a Barnevik, P. 
100 1 |a Brož, Ivan